[Event "European School Championships"]
[Site "Rhodes, Greece"]
[Date "2022.04.23"]
[Round "3.5"]
[White "Choullis, Agisilaos Georgios"]
[Black "Tabatadze, Erekle"]
[Result "0-1"]
[WhiteElo "1251"]
[BlackElo "1557"]
[PlyCount "102"]
[EventDate "2022.04.21"]
[EventRounds "9"]

1. e4 {[%emt 0:00:02]} c5 {[%emt 0:00:26]} 2. Nf3 {[%emt 0:00:07]} d6 {[%emt 0:
00:05]} 3. d4 {[%emt 0:00:07]} cxd4 {[%emt 0:00:05]} 4. Nxd4 {[%emt 0:00:04]}
Nf6 {[%emt 0:00:14]} 5. Nc3 {[%emt 0:00:08]} g6 {[%emt 0:00:12]} 6. Be3 {
[%emt 0:00:17]} Bg7 {[%emt 0:00:04]} 7. Be2 {[%emt 0:05:46]} O-O {[%emt 0:00:
08]} 8. Qd2 {[%emt 0:00:56]} Nc6 {[%emt 0:00:58]} 9. h3 {[%emt 0:05:27]} Bd7 {
[%emt 0:10:54]} 10. g4 {[%emt 0:03:42]} Nxd4 {[%emt 0:07:06]} 11. Bxd4 {
[%emt 0:00:11]} Bc6 {[%emt 0:00:40]} 12. f3 {[%emt 0:01:40]} e5 {[%emt 0:04:50]
} 13. Be3 {[%emt 0:00:49]} d5 {[%emt 0:01:26]} 14. exd5 {[%emt 0:01:05]} Nxd5 {
[%emt 0:00:51]} 15. Nxd5 {[%emt 0:00:58]} Qxd5 {[%emt 0:00:49]} 16. Qxd5 {
[%emt 0:00:40]} Bxd5 {[%emt 0:00:03]} 17. Kf2 {[%emt 0:02:34]} f5 {[%emt 0:02:
23]} 18. Rhd1 {[%emt 0:06:40]} Be6 {[%emt 0:15:30]} 19. Rd6 {[%emt 0:06:01]}
Kf7 {[%emt 0:00:53]} 20. Kg2 {[%emt 0:01:55]} Rfc8 {[%emt 0:05:55]} 21. c3 {
[%emt 0:02:43]} b6 {[%emt 0:05:00]} 22. Bb5 {[%emt 0:04:18]} Bf8 {[%emt 0:06:
28]} 23. Rd2 {[%emt 0:01:24]} Rd8 {[%emt 0:02:26]} 24. Rad1 {[%emt 0:01:07]}
Rxd2+ {[%emt 0:01:06]} 25. Rxd2 {[%emt 0:00:07]} Be7 {[%emt 0:02:34]} 26. Bc6 {
[%emt 0:08:09]} Rc8 {[%emt 0:01:23]} 27. Bd5 {[%emt 0:00:22]} h5 {[%emt 0:00:
38]} 28. a3 {[%emt 0:11:27]} Bxd5 {[%emt 0:01:50]} 29. Rxd5 {[%emt 0:00:29]}
Ke6 {[%emt 0:00:15]} 30. Rd1 {[%emt 0:00:18]} Rc4 {[%emt 0:01:04]} 31. gxh5 {
[%emt 0:01:01]} gxh5 {[%emt 0:00:07]} 32. Bf2 {[%emt 0:00:17]} Bf6 {[%emt 0:03:
25]} 33. Kf1 {[%emt 0:04:33]} Ra4 {[%emt 0:02:20]} 34. Ke2 {[%emt 0:03:11]} e4
{[%emt 0:04:17]} 35. f4 {[%emt 0:01:22]} Ra5 {[%emt 0:01:09]} 36. Bd4 {[%emt 0:
04:23]} Rb5 {[%emt 0:02:25]} 37. Bxf6 {[%emt 0:00:43]} Rxb2+ {[%emt 0:00:36]}
38. Rd2 {[%emt 0:00:09]} Rxd2+ {[%emt 0:00:18]} 39. Kxd2 {[%emt 0:00:05]} Kxf6
{[%emt 0:00:18]} 40. Ke3 {[%emt 0:00:22]} b5 {[%emt 0:00:13]} 41. Kd4 {[%emt 0:
00:24]} Ke6 {[%emt 0:00:09]} 42. c4 {[%emt 0:00:12]} bxc4 {[%emt 0:00:04]} 43.
Kxc4 {[%emt 0:00:51]} Kd6 {[%emt 0:00:09]} 44. Kd4 {[%emt 0:00:08]} Kc6 {
[%emt 0:00:07]} 45. Kc4 {[%emt 0:00:06]} e3 {[%emt 0:00:50]} 46. Kd3 {[%emt 0:
00:07]} Kd5 {[%emt 0:00:06]} 47. Kxe3 {[%emt 0:00:28]} Kc4 {[%emt 0:00:33]} 48.
h4 {[%emt 0:00:35]} a5 {[%emt 0:00:16]} 49. a4 {[%emt 0:00:33]} Kc3 {[%emt 0:
00:12]} 50. Ke2 {[%emt 0:00:32]} Kd4 {[%emt 0:00:24]} 51. Kf3 {[%emt 0:00:36]}
Kd3 {[%emt 0:00:20]} 0-1

[Event "European School Championships"]
[Site "Rhodes, Greece"]
[Date "2022.04.23"]
[Round "3.6"]
[White "Hasanli, Ziya"]
[Black "Deliezos, Anastasios"]
[Result "1/2-1/2"]
[WhiteElo "1555"]
[BlackElo "1228"]
[PlyCount "108"]
[EventDate "2022.04.21"]
[EventRounds "9"]

1. d4 {[%emt 0:00:02]} d5 {[%emt 0:00:10]} 2. c4 {[%emt 0:00:07]} e6 {[%emt 0:
00:10]} 3. Nc3 {[%emt 0:00:31]} Nf6 {[%emt 0:00:35]} 4. cxd5 {[%emt 0:00:25]}
exd5 {[%emt 0:00:18]} 5. Bg5 {[%emt 0:00:10]} Bb4 {[%emt 0:01:13]} 6. e3 {
[%emt 0:00:27]} c6 {[%emt 0:01:19]} 7. Bd3 {[%emt 0:00:28]} h6 {[%emt 0:02:20]}
8. Bh4 {[%emt 0:01:51]} Nbd7 {[%emt 0:01:22]} 9. Nge2 {[%emt 0:00:11]} O-O {
[%emt 0:01:22]} 10. O-O {[%emt 0:00:59]} Qc7 {[%emt 0:01:50]} 11. Rc1 {[%emt 0:
00:40]} Re8 {[%emt 0:02:49]} 12. Bf5 {[%emt 0:01:39]} Qa5 {[%emt 0:05:53]} 13.
a3 {[%emt 0:11:49]} Bd6 {[%emt 0:03:26]} 14. Ra1 {[%emt 0:03:14]} Ne4 {[%emt 0:
04:18]} 15. b4 {[%emt 0:04:08]} Qb6 {[%emt 0:04:03]} 16. Nxe4 {[%emt 0:01:11]}
dxe4 {[%emt 0:00:39]} 17. Nc3 {[%emt 0:00:34]} Qc7 {[%emt 0:04:11]} 18. Kh1 {
[%emt 0:22:39]} a5 {[%emt 0:04:01]} 19. Nxe4 {[%emt 0:03:17]} axb4 {[%emt 0:02:
44]} 20. Nxd6 {[%emt 0:01:25]} Qxd6 {[%emt 0:00:36]} 21. Bg3 {[%emt 0:00:13]}
Qe7 {[%emt 0:04:09]} 22. axb4 {[%emt 0:01:27]} Rxa1 {[%emt 0:00:50]} 23. Qxa1 {
[%emt 0:00:06]} Qxb4 {[%emt 0:00:19]} 24. Bxd7 {[%emt 0:00:27]} Bxd7 {[%emt 0:
00:13]} 25. Rb1 {[%emt 0:00:06]} Qd2 {[%emt 0:08:38]} 26. Rxb7 {[%emt 0:00:49]}
Be6 {[%emt 0:00:21]} 27. h3 {[%emt 0:00:24]} Bd5 {[%emt 0:01:14]} 28. Rb2 {
[%emt 0:01:51]} Qd3 {[%emt 0:02:08]} 29. Qb1 {[%emt 0:00:34]} Qxb1+ {[%emt 0:
02:24]} 30. Rxb1 {[%emt 0:00:04]} Kh7 {[%emt 0:00:41]} 31. Rb8 {[%emt 0:02:51]}
Re7 {[%emt 0:00:56]} 32. Kh2 {[%emt 0:00:19]} Kg6 {[%emt 0:03:59]} 33. Bd6 {
[%emt 0:01:16]} Re6 {[%emt 0:06:01]} 34. Bc5 {[%emt 0:01:34]} Kf5 {[%emt 0:04:
43]} 35. Rf8 {[%emt 0:01:54]} Re4 {[%emt 0:01:01]} 36. Bb4 {[%emt 0:02:23]} Kg6
{[%emt 0:05:54]} 37. Bd2 {[%emt 0:01:44]} Re7 {[%emt 0:01:59]} 38. Rb8 Ra7 {
[%emt 0:04:13]} 39. Bb4 {[%emt 0:03:48]} f5 {[%emt 0:01:25]} 40. Bc5 Rf7 {
[%emt 0:03:21]} 41. Rf8 Rxf8 42. Bxf8 Kf7 {[%emt 0:00:07]} 43. Bd6 {[%emt 0:00:
07]} g5 {[%emt 0:00:26]} 44. g4 {[%emt 0:04:20]} Kg6 {[%emt 0:03:12]} 45. Kg3 {
[%emt 0:01:32]} h5 {[%emt 0:02:50]} 46. gxh5+ {[%emt 0:15:20]} Kxh5 {[%emt 0:
00:33]} 47. f4 {[%emt 0:00:08]} gxf4+ {[%emt 0:01:59]} 48. Kxf4 {[%emt 0:00:15]
} Be4 {[%emt 0:00:20]} 49. Be7 {[%emt 0:00:28]} Bd3 {[%emt 0:02:26]} 50. Ke5 {
[%emt 0:00:53]} Bc2 {[%emt 0:00:40]} 51. h4 {[%emt 0:00:29]} Be4 {[%emt 0:02:
07]} 52. Kd6 {[%emt 0:00:20]} Bd5 {[%emt 0:00:27]} 53. Bd8 {[%emt 0:00:37]} Be4
{[%emt 0:01:18]} 54. Ke5 {[%emt 0:00:11]} Bd3 {[%emt 0:00:24]} 1/2-1/2

[Event "European School Championships"]
[Site "Rhodes, Greece"]
[Date "2022.04.24"]
[Round "4.2"]
[White "Hobson, Kenneth"]
[Black "Sozat, Arda"]
[Result "0-1"]
[WhiteElo "1674"]
[BlackElo "1591"]
[PlyCount "66"]
[EventDate "2022.04.21"]
[EventRounds "9"]

1. e4 {[%emt 0:00:02]} c5 {[%emt 0:00:08]} 2. d4 {[%emt 0:00:06]} cxd4 {
[%emt 0:00:01]} 3. c3 {[%emt 0:00:35]} dxc3 {[%emt 0:00:02]} 4. Nxc3 {[%emt 0:
00:07]} Nc6 {[%emt 0:00:07]} 5. Nf3 {[%emt 0:00:04]} e6 {[%emt 0:00:04]} 6. Bc4
{[%emt 0:00:08]} a6 {[%emt 0:00:05]} 7. O-O {[%emt 0:00:09]} Nge7 {[%emt 0:00:
04]} 8. Bg5 {[%emt 0:00:32]} h6 {[%emt 0:00:07]} 9. Be3 {[%emt 0:00:16]} b5 {
[%emt 0:01:30]} 10. Bb3 {[%emt 0:01:50]} Bb7 {[%emt 0:01:51]} 11. Qe2 {[%emt 0:
05:09]} Na5 {[%emt 0:03:38]} 12. Ne5 {[%emt 0:08:49]} Nxb3 {[%emt 0:06:24]} 13.
Qf3 {[%emt 0:01:38]} Nf5 {[%emt 0:00:33]} 14. axb3 {[%emt 0:07:02]} Bd6 {
[%emt 0:03:29]} 15. Bf4 {[%emt 0:03:20]} Qb8 {[%emt 0:05:15]} 16. Nd3 {[%emt 0:
16:09]} Bxf4 {[%emt 0:05:52]} 17. Nxf4 {[%emt 0:00:13]} b4 {[%emt 0:02:32]} 18.
Ncd5 {[%emt 0:10:35]} Nd4 {[%emt 0:20:43]} 19. Qe3 {[%emt 0:10:00]} Bxd5 {
[%emt 0:06:16]} 20. Nxd5 {[%emt 0:00:20]} Nxb3 {[%emt 0:11:09]} 21. Qxb3 {
[%emt 0:01:41]} exd5 {[%emt 0:00:07]} 22. Qxd5 {[%emt 0:00:24]} O-O {[%emt 0:
00:39]} 23. Qxd7 {[%emt 0:02:32]} Qe5 {[%emt 0:00:29]} 24. Qb7 {[%emt 0:04:55]}
Rfb8 {[%emt 0:01:35]} 25. Qc6 {[%emt 0:01:18]} Qxb2 {[%emt 0:03:33]} 26. Rxa6 {
[%emt 0:04:22]} Rxa6 {[%emt 0:00:06]} 27. Qxa6 {[%emt 0:00:05]} b3 {[%emt 0:00:
42]} 28. Qd6 {[%emt 0:01:02]} Rc8 {[%emt 0:00:24]} 29. e5 {[%emt 0:01:55]} Qc2
{[%emt 0:01:56]} 30. e6 {[%emt 0:00:45]} fxe6 {[%emt 0:01:27]} 31. Qxe6+ {
[%emt 0:00:10]} Kh8 {[%emt 0:00:12]} 32. h3 {[%emt 0:01:58]} b2 {[%emt 0:00:22]
} 33. Kh2 {[%emt 0:00:05]} Rb8 {[%emt 0:00:30]} 0-1

[Event "European School Championships"]
[Site "Rhodes, Greece"]
[Date "2022.04.24"]
[Round "4.3"]
[White "Stathatos, Alexandros"]
[Black "Morkunas, Gustas"]
[Result "1/2-1/2"]
[WhiteElo "1815"]
[BlackElo "1938"]
[PlyCount "47"]
[EventDate "2022.04.21"]
[EventRounds "9"]

1. e4 {[%emt 0:00:03]} c5 {[%emt 0:00:11]} 2. Nf3 {[%emt 0:00:05]} e6 {[%emt 0:
00:05]} 3. d4 {[%emt 0:00:04]} cxd4 {[%emt 0:00:03]} 4. Nxd4 {[%emt 0:00:09]}
a6 {[%emt 0:00:06]} 5. Bd3 {[%emt 0:00:27]} Bc5 {[%emt 0:00:28]} 6. Nb3 {
[%emt 0:00:25]} Be7 {[%emt 0:00:15]} 7. Qg4 {[%emt 0:00:48]} g6 {[%emt 0:00:08]
} 8. Qe2 {[%emt 0:00:04]} d6 {[%emt 0:00:44]} 9. O-O {[%emt 0:00:47]} Nd7 {
[%emt 0:01:11]} 10. Nc3 {[%emt 0:00:53]} Qc7 {[%emt 0:03:53]} 11. a4 {[%emt 0:
03:14]} b6 {[%emt 0:01:35]} 12. Be3 {[%emt 0:07:16]} Bb7 {[%emt 0:04:49]} 13.
f3 {[%emt 0:14:20]} h5 {[%emt 0:06:11]} 14. Qf2 {[%emt 0:09:39]} Nc5 {[%emt 0:
09:36]} 15. Rfd1 {[%emt 0:10:10]} Nf6 {[%emt 0:08:17]} 16. Bf1 {[%emt 0:04:19]}
Nfd7 {[%emt 0:07:37]} 17. Nd4 {[%emt 0:04:59]} Ne5 {[%emt 0:04:57]} 18. b3 {
[%emt 0:03:11]} Kf8 {[%emt 0:06:49]} 19. Nce2 {[%emt 0:07:56]} Kg7 {[%emt 0:03:
59]} 20. Nf4 {[%emt 0:02:48]} Kh7 {[%emt 0:05:52]} 21. c4 {[%emt 0:04:18]} Bf6
{[%emt 0:07:59]} 22. b4 {[%emt 0:06:02]} Ncd7 {[%emt 0:05:50]} 23. Rac1 {
[%emt 0:00:55]} Rhe8 {[%emt 0:02:15]} 24. Nb3 {[%emt 0:05:21]} 1/2-1/2

[Event "European School Championships"]
[Site "Rhodes, Greece"]
[Date "2022.04.24"]
[Round "4.4"]
[White "Keber, Aljosa"]
[Black "Dasgupta, Avyukt"]
[Result "1-0"]
[WhiteElo "1511"]
[BlackElo "1748"]
[PlyCount "103"]
[EventDate "2022.04.21"]
[EventRounds "9"]

1. e4 {[%emt 0:00:02]} e6 {[%emt 0:00:08]} 2. Nf3 {[%emt 0:00:04]} d5 {[%emt 0:
00:43]} 3. Nc3 {[%emt 0:00:05]} dxe4 {[%emt 0:02:19]} 4. Nxe4 {[%emt 0:00:10]}
Nf6 {[%emt 0:01:23]} 5. Nxf6+ {[%emt 0:02:22]} Qxf6 {[%emt 0:02:38]} 6. d4 {
[%emt 0:01:20]} h6 {[%emt 0:09:44]} 7. Bd3 {[%emt 0:04:21]} Bd6 {[%emt 0:01:51]
} 8. c3 {[%emt 0:03:08]} Bd7 {[%emt 0:05:08]} 9. Nd2 {[%emt 0:18:50]} Bc6 {
[%emt 0:04:48]} 10. Ne4 {[%emt 0:01:12]} Bxe4 {[%emt 0:04:49]} 11. Bxe4 {
[%emt 0:00:36]} c6 {[%emt 0:00:11]} 12. Qb3 {[%emt 0:07:10]} Qe7 {[%emt 0:00:
30]} 13. O-O {[%emt 0:01:30]} Qc7 {[%emt 0:05:20]} 14. g3 {[%emt 0:08:56]} Nd7
{[%emt 0:01:35]} 15. Re1 {[%emt 0:02:36]} Nf6 {[%emt 0:06:13]} 16. Bg2 {
[%emt 0:00:08]} O-O-O {[%emt 0:19:25]} 17. Qa4 {[%emt 0:02:28]} Qb6 {[%emt 0:
03:37]} 18. h3 {[%emt 0:09:02]} Rhe8 {[%emt 0:07:43]} 19. Qc4 {[%emt 0:03:43]}
e5 {[%emt 0:06:14]} 20. Be3 {[%emt 0:05:43]} e4 {[%emt 0:04:48]} 21. b4 {
[%emt 0:04:38]} Nd5 {[%emt 0:03:43]} 22. Bd2 {[%emt 0:04:50]} f5 {[%emt 0:03:
11]} 23. a4 {[%emt 0:02:30]} Kb8 {[%emt 0:01:39]} 24. Rab1 {[%emt 0:03:31]} Qc7
{[%emt 0:00:43]} 25. Qb3 {[%emt 0:03:17]} e3 {[%emt 0:01:25]} 26. Bxe3 {
[%emt 0:03:06]} Nxe3 {[%emt 0:00:07]} 27. Rxe3 {[%emt 0:00:37]} Rxe3 {[%emt 0:
00:16]} 28. fxe3 {[%emt 0:00:01]} Bxg3 {[%emt 0:00:45]} 29. b5 {[%emt 0:01:47]}
c5 {[%emt 0:00:54]} 30. b6 {[%emt 0:00:20]} axb6 {[%emt 0:00:29]} 31. Qxb6 {
[%emt 0:00:02]} Qxb6 {[%emt 0:00:15]} 32. Rxb6 {[%emt 0:00:02]} Rd7 {[%emt 0:
00:29]} 33. a5 {[%emt 0:02:29]} Bc7 {[%emt 0:00:24]} 34. Rxb7+ {[%emt 0:00:36]}
Kc8 {[%emt 0:00:05]} 35. a6 {[%emt 0:00:47]} Bb8 {[%emt 0:00:30]} 36. Rb5 {
[%emt 0:02:59]} cxd4 {[%emt 0:00:24]} 37. Bb7+ {[%emt 0:00:42]} Kc7 {[%emt 0:
00:35]} 38. exd4 {[%emt 0:00:22]} f4 {[%emt 0:00:21]} 39. d5 {[%emt 0:00:33]}
Rf7 {[%emt 0:01:06]} 40. c4 {[%emt 0:01:03]} Ba7+ {[%emt 0:00:32]} 41. Kf1 {
[%emt 0:02:45]} Rf6 {[%emt 0:00:40]} 42. Bc6 {[%emt 0:03:46]} Bd4 {[%emt 0:01:
39]} 43. Rb7+ {[%emt 0:00:31]} Kd6 {[%emt 0:00:49]} 44. a7 {[%emt 0:01:18]} f3
{[%emt 0:00:11]} 45. a8=Q {[%emt 0:00:45]} Rg6 {[%emt 0:00:03]} 46. Qa3+ {
[%emt 0:00:14]} Bc5 {[%emt 0:00:10]} 47. Qxf3 {[%emt 0:00:18]} Rf6 {[%emt 0:00:
06]} 48. Qxf6+ {[%emt 0:00:17]} gxf6 {[%emt 0:00:06]} 49. Ke2 {[%emt 0:00:20]}
f5 {[%emt 0:00:06]} 50. Kf3 {[%emt 0:00:07]} h5 {[%emt 0:00:09]} 51. Kf4 {
[%emt 0:00:09]} h4 {[%emt 0:00:06]} 52. Rd7# {[%emt 0:00:04]} 1-0

[Event "European School Championships"]
[Site "Rhodes, Greece"]
[Date "2022.04.24"]
[Round "4.5"]
[White "Tabatadze, Erekle"]
[Black "Kostov, Troyan"]
[Result "1-0"]
[WhiteElo "1557"]
[BlackElo "1439"]
[PlyCount "79"]
[EventDate "2022.04.21"]
[EventRounds "9"]

1. d4 {[%emt 0:00:22]} d5 {[%emt 0:00:14]} 2. c4 {[%emt 0:00:06]} e6 {[%emt 0:
00:04]} 3. Nc3 {[%emt 0:00:04]} Nf6 {[%emt 0:00:05]} 4. cxd5 {[%emt 0:00:05]}
exd5 {[%emt 0:00:12]} 5. Bg5 {[%emt 0:00:06]} Nbd7 {[%emt 0:00:13]} 6. e3 {
[%emt 0:00:14]} c6 {[%emt 0:00:13]} 7. Nf3 {[%emt 0:00:07]} Be7 {[%emt 0:00:11]
} 8. Bd3 {[%emt 0:00:08]} O-O {[%emt 0:00:24]} 9. O-O {[%emt 0:00:08]} Re8 {
[%emt 0:00:57]} 10. Qc2 {[%emt 0:00:15]} h6 {[%emt 0:00:54]} 11. Bh4 {[%emt 0:
00:06]} Nf8 {[%emt 0:00:31]} 12. Rab1 {[%emt 0:00:57]} N8d7 {[%emt 0:07:07]}
13. Rfc1 {[%emt 0:04:00]} Ne4 {[%emt 0:03:15]} 14. Bxe7 {[%emt 0:02:08]} Qxe7 {
[%emt 0:00:27]} 15. b4 {[%emt 0:02:14]} Nxc3 {[%emt 0:06:04]} 16. Qxc3 {
[%emt 0:00:28]} a6 {[%emt 0:04:02]} 17. a4 {[%emt 0:01:45]} Nf6 {[%emt 0:09:20]
} 18. b5 {[%emt 0:03:03]} axb5 {[%emt 0:03:24]} 19. axb5 {[%emt 0:00:27]} Bd7 {
[%emt 0:03:59]} 20. Ne5 {[%emt 0:03:32]} Rec8 {[%emt 0:01:54]} 21. bxc6 {
[%emt 0:01:13]} Ra3 {[%emt 0:07:25]} 22. Qc5 {[%emt 0:05:10]} Qxc5 {[%emt 0:00:
55]} 23. Rxc5 {[%emt 0:00:36]} bxc6 {[%emt 0:01:54]} 24. h3 {[%emt 0:04:53]}
Kf8 {[%emt 0:04:53]} 25. Rb7 {[%emt 0:02:37]} Be8 {[%emt 0:01:10]} 26. Bf5 {
[%emt 0:00:26]} Rca8 {[%emt 0:06:07]} 27. Nxc6 {[%emt 0:05:31]} g6 {[%emt 0:00:
24]} 28. Bc2 {[%emt 0:01:48]} Nd7 {[%emt 0:02:14]} 29. Rxd5 {[%emt 0:01:55]}
Rc3 {[%emt 0:02:10]} 30. Nb4 {[%emt 0:01:06]} Ra1+ {[%emt 0:00:54]} 31. Kh2 {
[%emt 0:00:27]} Rf1 {[%emt 0:01:59]} 32. Kg3 {[%emt 0:02:04]} h5 {[%emt 0:02:
30]} 33. Ba4 {[%emt 0:01:33]} Nf6 {[%emt 0:01:00]} 34. Rd8 {[%emt 0:00:30]} h4+
{[%emt 0:02:31]} 35. Kf3 {[%emt 0:01:32]} Rfc1 {[%emt 0:01:54]} 36. Bxe8 {
[%emt 0:00:19]} Rc8 {[%emt 0:00:11]} 37. Rxf7+ {[%emt 0:00:14]} Kg8 {[%emt 0:
00:16]} 38. Rxc8 {[%emt 0:00:09]} Rxc8 {[%emt 0:00:29]} 39. Rxf6 {[%emt 0:00:
07]} Rxe8 {[%emt 0:00:10]} 40. Rxg6+ {[%emt 0:00:04]} 1-0

[Event "European School Championships"]
[Site "Rhodes, Greece"]
[Date "2022.04.24"]
[Round "4.6"]
[White "Morrison, Joseph"]
[Black "Hasanli, Ziya"]
[Result "0-1"]
[WhiteElo "1328"]
[BlackElo "1555"]
[PlyCount "50"]
[EventDate "2022.04.21"]
[EventRounds "9"]

1. c4 {[%emt 0:00:01]} Nf6 {[%emt 0:00:27]} 2. Nc3 {[%emt 0:00:15]} e5 {
[%emt 0:00:51]} 3. g3 {[%emt 0:00:17]} Bb4 {[%emt 0:01:19]} 4. Bg2 {[%emt 0:00:
20]} Nc6 {[%emt 0:02:23]} 5. d3 {[%emt 0:01:36]} O-O {[%emt 0:01:57]} 6. a3 {
[%emt 0:01:33]} Bxc3+ {[%emt 0:00:56]} 7. bxc3 {[%emt 0:00:03]} d6 {[%emt 0:01:
06]} 8. Nf3 {[%emt 0:00:25]} Be6 {[%emt 0:01:04]} 9. Rb1 {[%emt 0:00:39]} Rb8 {
[%emt 0:02:37]} 10. O-O {[%emt 0:00:51]} Qd7 {[%emt 0:02:05]} 11. Ng5 {[%emt 0:
01:38]} h6 {[%emt 0:04:45]} 12. Nxe6 {[%emt 0:00:12]} fxe6 {[%emt 0:00:28]} 13.
f4 {[%emt 0:03:52]} exf4 {[%emt 0:02:55]} 14. Bxf4 {[%emt 0:00:15]} e5 {
[%emt 0:02:26]} 15. Bd2 {[%emt 0:02:34]} Nd8 {[%emt 0:12:24]} 16. e3 {[%emt 0:
05:41]} Ne6 {[%emt 0:08:54]} 17. d4 {[%emt 0:07:13]} c5 {[%emt 0:04:45]} 18.
Bh3 {[%emt 0:04:30]} Qe7 {[%emt 0:00:33]} 19. Qa4 {[%emt 0:02:02]} Ne4 {
[%emt 0:05:04]} 20. Bxe6+ {[%emt 0:01:32]} Qxe6 {[%emt 0:00:01]} 21. Rxf8+ {
[%emt 0:00:20]} Rxf8 {[%emt 0:00:12]} 22. Qc2 {[%emt 0:08:08]} Qf5 {[%emt 0:00:
27]} 23. Rd1 {[%emt 0:06:31]} Qf2+ {[%emt 0:00:35]} 24. Kh1 {[%emt 0:00:31]}
Qf3+ {[%emt 0:00:05]} 25. Kg1 {[%emt 0:00:17]} Nf2 {[%emt 0:03:52]} 0-1

[Event "European School Championships"]
[Site "Rhodes, Greece"]
[Date "2022.04.25"]
[Round "5.1"]
[White "Morkunas, Gustas"]
[Black "Sakmak, Kutay"]
[Result "1-0"]
[WhiteElo "1938"]
[BlackElo "1718"]
[PlyCount "87"]
[EventDate "2022.04.21"]
[EventRounds "9"]

1. e4 {[%emt 0:00:05]} e5 {[%emt 0:00:08]} 2. Nf3 {[%emt 0:00:12]} Nc6 {
[%emt 0:00:12]} 3. Bb5 {[%emt 0:00:19]} a6 {[%emt 0:00:15]} 4. Ba4 {[%emt 0:00:
07]} Nf6 {[%emt 0:00:07]} 5. d3 {[%emt 0:00:12]} b5 {[%emt 0:00:06]} 6. Bb3 {
[%emt 0:00:05]} Be7 {[%emt 0:00:11]} 7. O-O {[%emt 0:02:35]} O-O {[%emt 0:00:
20]} 8. a4 {[%emt 0:03:37]} b4 {[%emt 0:00:30]} 9. a5 {[%emt 0:00:17]} Bb7 {
[%emt 0:02:19]} 10. Re1 {[%emt 0:03:44]} Re8 {[%emt 0:05:16]} 11. Nbd2 {
[%emt 0:07:11]} d5 {[%emt 0:06:01]} 12. exd5 {[%emt 0:05:34]} Nxd5 {[%emt 0:00:
06]} 13. Nf1 {[%emt 0:08:50]} Bc5 {[%emt 0:07:14]} 14. Ng3 {[%emt 0:05:38]} h6
{[%emt 0:06:52]} 15. Ne4 {[%emt 0:04:23]} Ba7 {[%emt 0:01:18]} 16. Bxh6 {
[%emt 0:01:21]} Nd4 {[%emt 0:13:11]} 17. Nxd4 {[%emt 0:03:06]} gxh6 {[%emt 0:
06:26]} 18. Nf5 {[%emt 0:16:58]} Re6 {[%emt 0:06:18]} 19. Qh5 {[%emt 0:07:21]}
Qf8 {[%emt 0:00:43]} 20. Qh4 {[%emt 0:02:44]} Rae8 {[%emt 0:06:44]} 21. Bxd5 {
[%emt 0:03:44]} Bxd5 {[%emt 0:00:05]} 22. Nf6+ {[%emt 0:00:39]} Rxf6 {[%emt 0:
00:04]} 23. Qxf6 {[%emt 0:00:13]} Re6 {[%emt 0:00:07]} 24. Qh4 {[%emt 0:02:36]}
Kh7 {[%emt 0:01:48]} 25. Ne3 {[%emt 0:05:38]} Bb7 {[%emt 0:02:15]} 26. Kh1 {
[%emt 0:05:17]} Rg6 {[%emt 0:06:12]} 27. f3 {[%emt 0:00:12]} Rg5 {[%emt 0:03:
38]} 28. Nc4 {[%emt 0:02:39]} Qg7 {[%emt 0:02:51]} 29. Qh3 {[%emt 0:01:19]} Bd5
{[%emt 0:02:07]} 30. Re2 {[%emt 0:01:19]} Bd4 {[%emt 0:03:43]} 31. Rf1 {
[%emt 0:02:31]} Be6 {[%emt 0:01:12]} 32. Qh4 {[%emt 0:00:23]} Qg6 {[%emt 0:00:
39]} 33. Qe1 {[%emt 0:02:36]} Qf5 {[%emt 0:13:07]} 34. Ne3 {[%emt 0:00:49]} Qf4
{[%emt 0:01:37]} 35. g3 {[%emt 0:01:07]} Qf6 {[%emt 0:00:05]} 36. c3 {[%emt 0:
00:15]} Ba7 {[%emt 0:00:18]} 37. cxb4 {[%emt 0:01:37]} Qg6 {[%emt 0:00:38]} 38.
Qd2 {[%emt 0:01:28]} f5 {[%emt 0:01:55]} 39. Rg2 {[%emt 0:01:03]} Qh5 {[%emt 0:
01:13]} 40. g4 {[%emt 0:00:39]} Qh3 {[%emt 0:00:21]} 41. Nxf5 {[%emt 0:07:55]}
Rg6 {[%emt 0:10:33]} 42. Ng3 {[%emt 0:02:43]} Bd5 {[%emt 0:01:27]} 43. Ne4 {
[%emt 0:01:11]} Bd4 {[%emt 0:00:27]} 44. Qe1 {[%emt 0:04:48]} 1-0

[Event "European School Championships"]
[Site "Rhodes, Greece"]
[Date "2022.04.25"]
[Round "5.2"]
[White "Sozat, Arda"]
[Black "Tabatadze, Erekle"]
[Result "1/2-1/2"]
[WhiteElo "1591"]
[BlackElo "1557"]
[PlyCount "92"]
[EventDate "2022.04.21"]
[EventRounds "9"]

1. e4 {[%emt 0:00:04]} c5 {[%emt 0:00:05]} 2. Nf3 {[%emt 0:00:04]} Nc6 {
[%emt 0:00:03]} 3. d4 {[%emt 0:00:34]} cxd4 {[%emt 0:00:06]} 4. Nxd4 {[%emt 0:
00:13]} g6 {[%emt 0:00:16]} 5. c4 {[%emt 0:00:25]} Nf6 {[%emt 0:00:44]} 6. Nc3
{[%emt 0:00:09]} Nxd4 {[%emt 0:00:07]} 7. Qxd4 {[%emt 0:00:07]} d6 {[%emt 0:00:
03]} 8. Be2 {[%emt 0:00:42]} Bg7 {[%emt 0:00:04]} 9. Bg5 {[%emt 0:00:25]} O-O {
[%emt 0:00:39]} 10. Qd2 {[%emt 0:00:51]} Be6 {[%emt 0:01:48]} 11. O-O {[%emt 0:
01:53]} Qa5 {[%emt 0:03:00]} 12. Rad1 {[%emt 0:01:17]} Rfc8 {[%emt 0:01:28]}
13. Bxf6 {[%emt 0:00:59]} Bxf6 {[%emt 0:01:38]} 14. Nd5 {[%emt 0:02:54]} Qxd2 {
[%emt 0:00:48]} 15. Rxd2 {[%emt 0:02:23]} Kg7 {[%emt 0:19:51]} 16. f4 {[%emt 0:
04:01]} Bxd5 {[%emt 0:03:29]} 17. exd5 {[%emt 0:00:17]} a5 {[%emt 0:03:49]} 18.
g4 {[%emt 0:00:47]} h6 {[%emt 0:00:45]} 19. Rf3 {[%emt 0:03:00]} a4 {[%emt 0:
06:11]} 20. b4 {[%emt 0:01:27]} a3 {[%emt 0:01:17]} 21. Rb3 {[%emt 0:03:08]} b6
{[%emt 0:01:44]} 22. Kf2 {[%emt 0:02:41]} g5 {[%emt 0:00:46]} 23. fxg5 {
[%emt 0:02:52]} hxg5 {[%emt 0:00:12]} 24. h3 {[%emt 0:02:40]} Be5 {[%emt 0:01:
15]} 25. Kf3 {[%emt 0:08:26]} e6 {[%emt 0:04:35]} 26. Ke4 {[%emt 0:03:29]} Kg6
{[%emt 0:05:53]} 27. Bd3 {[%emt 0:12:34]} Rh8 {[%emt 0:05:36]} 28. Kf3+ {
[%emt 0:00:28]} Kg7 {[%emt 0:01:11]} 29. Bf1 {[%emt 0:00:27]} Rac8 {[%emt 0:03:
02]} 30. Kg2 {[%emt 0:03:21]} Ra8 {[%emt 0:05:01]} 31. dxe6 {[%emt 0:02:27]}
fxe6 {[%emt 0:00:03]} 32. c5 {[%emt 0:08:48]} bxc5 {[%emt 0:01:17]} 33. bxc5 {
[%emt 0:00:07]} dxc5 {[%emt 0:00:11]} 34. Re2 {[%emt 0:04:44]} Bd4 {[%emt 0:04:
05]} 35. Rxe6 {[%emt 0:00:30]} Rhf8 {[%emt 0:01:30]} 36. Bc4 {[%emt 0:01:43]}
Rab8 {[%emt 0:02:48]} 37. Ra6 {[%emt 0:06:08]} Rxb3 {[%emt 0:02:32]} 38. Bxb3 {
[%emt 0:00:09]} Bb2 {[%emt 0:01:15]} 39. Rc6 {[%emt 0:04:08]} Bd4 {[%emt 0:00:
31]} 40. Rc7+ {[%emt 0:00:44]} Kf6 {[%emt 0:00:32]} 41. Rc6+ {[%emt 0:00:37]}
Kg7 {[%emt 0:01:15]} 42. Ra6 {[%emt 0:01:04]} Bb2 {[%emt 0:00:28]} 43. Rd6 {
[%emt 0:02:01]} Bd4 {[%emt 0:01:55]} 44. Rd5 {[%emt 0:01:40]} Be3 {[%emt 0:02:
28]} 45. Re5 {[%emt 0:14:53]} Rf2+ {[%emt 0:00:28]} 46. Kh1 {[%emt 0:01:44]}
Rh2+ {[%emt 0:00:19]} 1/2-1/2